000 01148nac a22003257a 4500
001 BR8400460
003 BR-BrBNA
005 20240105115930.0
008 230509b bl.|||m| |||| 00| 0 por d
040 _aBR-BrBNA
_bpor
_cBiblioteca Nacional de Agricultura
072 _aH10
090 _a2120 BR8400460
100 1 _aGoncalves, W.
100 1 _aThomaziello, R.A.
110 1 _aCoordenadoria de Assistencia Tecnica Integral, Campinas, SP (Brasil)
245 1 _aAs cigarras do cafeeiro [Coffea spp., Carineta fasciculata, biologia, inseticida, controle quimico, Brasil]
246 1 _aCoffee plant hoppers [Coffea spp., Carineta fasciculata, biology, insecticide, chemical control, Brazil]
260 3 _aCampinas, SP (Brasil):
_c1983.
300 _a3 p.
490 _aComunicado Tecnico - Coordenadoria de Assistencia Tecnica Integral (Brazil)
_vno. 46
_xISSN 0100-3607
650 _aCAFE
650 _aCIGARRA
650 _aBIOLOGIA
650 _aINSETICIDA
650 _aCONTROLE QUIMICO
650 _aANALISE QUANTITATIVA
650 _aTOXIDEZ
909 _a202312
_bLúcia Elande
_c55
_dLúcia Elande
942 _2AGRIS
_n0
_cMS
999 _c277137
_d277137